000 00428nam a2200181Ia 4500
001 11654
005 20260306162844.0
008 260306t1997||||xx |||||||||||||| ||spa||
041 _aESP
082 _a985.7
_bG84
100 _aGuallart, José María
_eAUT
245 0 _aLa tierra de los cinco ríos
260 _c1997
300 _a164 páginas :
_c23 cm.
650 _aGEN
654 _aCHU
942 _cLIB
_dJUS
_fJUS
_2ddc
_n
999 _c11654
_d11654